000 00394cam a22001217a 4500
008 180718b1894 xxu||||| |||| 00| 0 eng d
082 _aA6x42 M292
100 _aMalden, Henry Elliot
245 _aEnglish records: a companion to the history of England
_cby Henry Elliot Malden
260 _aLondon
_bMethuen
_c1894
300 _a239p.
650 _aGreat Britain - History - Putlines, Syllabi, etc.
999 _c433503
_d433503